[Event "Quebec-ch Intercoll"]
[Site "Sainte Foy"]
[Date "1983.04.03"]
[Round "6"]
[White "Courval, Francois"]
[Black "Trempe, Jean Claude"]
[Result "1/2-1/2"]
[WhiteElo "1709"]
[BlackElo "1529"]
[PlyCount "58"]
[EventDate "1983.04.01"]
[EventType "swiss"]
[EventRounds "6"]
[EventCountry "CAN"]
[SourceTitle "EXT 2022"]
[Source "ChessBase"]
[SourceDate "2021.10.06"]
[SourceVersion "1"]
[SourceVersionDate "2021.10.06"]
[SourceQuality "1"]

1. e4 c5 2. Nc3 Nc6 3. g3 d6 4. Bg2 g6 5. d3 Bg7 6. f4 e6 7. Nge2 Nge7 8. 0-0 0-0 9. Be3 Rb8 10. a4 a6 11. g4 f5 12. h3 Bd7 13. Qd2 b5 14. axb5 axb5 15. exf5 gxf5 16. d4 b4 17. Nd1 cxd4 18. Nxd4 Nxd4 19. Bxd4 e5 20. fxe5 dxe5 21. Bc5 fxg4 22. hxg4 Rxf1+ 23. Bxf1 Ng6 24. Ne3 Bh6 25. Rd1 Qa5 26. Qd5+ Kh8 27. Nc4 Qc7 28. Bd6 Qa7+ 29. Kh1 Rb5 1/2-1/2